| 000 | 00479nab a2200145Ia 4500 | ||
|---|---|---|---|
| 003 | ES-SlBCS | ||
| 005 | 20210601130451.0 | ||
| 008 | 140529s1975 xxu||||| |||| 00| 0 fre d | ||
| 041 | _afre | ||
| 100 | 1 |
_aAmbacher, Michel _9173341 |
|
| 245 | 0 | 0 |
_aLa philosophie de la nature face à l'évolutionisme _c Michel Ambacher |
| 650 | 0 | 4 |
_aFilosofía de la Naturaleza-Evolucionismo _9173342 |
| 773 | 0 |
_tGiornali di Metafisica _gvol. 30, nº. 1, 1975, págs. 3-24 _w0017-0372 |
|
| 942 | _cAR | ||
| 999 |
_c547180 _d547180 |
||